Tame geometry with application in smooth analysis

Αποθηκεύτηκε σε:
Λεπτομέρειες βιβλιογραφικής εγγραφής
Κύριος συγγραφέας: Yomdin, Yosef
Άλλοι συγγραφείς: Comte, Georges
Μορφή: Βιβλίο
Γλώσσα:English
Δημοσίευση: Berlin : Springer, 2004
Σειρά:Lecture notes in mathematics (Springer-Verlag) ; 1834
Θέματα:
Ετικέτες: Προσθήκη ετικέτας
Δεν υπάρχουν, Καταχωρήστε ετικέτα πρώτοι!

MARC

LEADER 00000nam a2200000 i 4500
001 1/75534
008 080222s2004 eng d
020 |a 3-540-20612-4 
035 |l 10094943 
040 |a GR-MY-UA  |b gre  |e aacr 
041 0 |a eng 
082 0 |a 515.42  |2 (22) 
100 1 |a Yomdin, Yosef. 
245 1 0 |a Tame geometry with application in smooth analysis /  |c Yosef Yomdin, Georges Comte 
260 |a Berlin :   |b Springer,   |c 2004 
300 |a viii, 186 σ.;  |b εικ.;  |c 24 εκ. 
490 1 |a Lecture notes in mathematics  |v ; 1834 
504 |a Περιέχει βιβλιογραφικές παραπομπές (σ. 173-186) και ευρετήριο 
650 0 0 |a Measure theory. 
650 0 0 |a Arithmetical algebraic geometry. 
650 0 0 |a Smoothing (Numerical analysis) 
700 1 |a Comte, Georges. 
830 0 |a Lecture notes in mathematics (Springer-Verlag)  |v ; 1834 
852 |a INST  |b SAMOS  |e 20080222  |h 515.42 YOM  |p 005300026798  |q 005300026798  |t BK  |y 0 
901 |a BIBL3-2008-1 
909 |a Σ  |b 142302 
922 |a 3ΕΛΗ  |b 200712  |c ΕΠΕΑΕΚ2/ΤΜΗΜΑ ΜΑΘΗΜΑΤΙΚΩΝ  |d ΠΑΠΑΣΩΤΗΡΙΟΥ 
970 |a ΚΟΣΙΕΡΗΣ  |b ΧΡΗΣΤΟΣ  |z 2008/02/22